Nueva aproximación a la dramaturgia de Jardiel Poncela

-д хадгалсан:
Номзүйн дэлгэрэнгүй
Үндсэн зохиолч: Escudero, Carmen (Зохиогч)
Формат: Ном
Хэл сонгох:испани
Хэвлэсэн: Murcia Universidad de Murcia 1981
Нөхцлүүд:
Шошгууд: Шошго нэмэх
Шошго байхгүй, Энэхүү баримтыг шошголох эхний хүн болох!

MARC

LEADER 00000nam a2200000 a 4500
001 UCQ5347
003 CL-VaPUC
008 980925e19810000SP |||||||||||||||||spa|d
082 0 4 |a 862.09  |b ESC  |2 21 
100 0 |a Escudero, Carmen  |e author  |9 419473 
245 1 0 |a Nueva aproximación a la dramaturgia de Jardiel Poncela 
300 |a 142 p 
942 |c BK 
945 |d 19980925 00:00:00  |a crobeson 
260 |a Murcia  |b Universidad de Murcia  |c 1981 
600 0 |a Jardiel Poncela, Enrique  |d 1901-1952  |9 419474 
650 0 |a Drama español  |9 265098 
650 0 |a Literatura española  |9 306261 
650 0 |a Crítica e interpretación   |9 255042 
583 |a last modification  |c 19980925 00:00:00  |k Rodrigo Vera 
999 |c 275560  |d 275558 
952 |0 0  |1 0  |4 0  |6 862_090000000000000_ESC_1981  |7 0  |8 A  |9 312332  |a BIBEDU  |b BIBEDU  |d 2019-11-20  |i 147068K  |o 862.09 ESC 1981  |p 147068K  |r 2019-11-20  |w 2019-11-20  |y BK  |k LIT 
952 |0 0  |1 0  |4 0  |6 862_090000000000000_ESC_1981  |7 0  |8 A  |9 312333  |a BIBEDU  |b BIBEDU  |d 2019-11-20  |i 1470698  |o 862.09 ESC 1981  |p 1470698  |r 2019-11-20  |w 2019-11-20  |y BK  |k LIT